Sociología de la industria y de la empresa /

Gorde:
Xehetasun bibliografikoak
Egile nagusia: Dahrendorf, Ralf (autor)
Formatua: Liburua
Hizkuntza:gaztelania
Edizioa:2a edición
Gaiak:
Etiketak: Etiketa erantsi
Etiketarik gabe, Izan zaitez lehena erregistro honi etiketa jartzen!

MARC

LEADER 00000nam^a2200000^a^4500
001 000040223
005 20250521000000.0
009 20260310085612.107
037 |a Acervo ITESO - Biblioteca 
041 |a ESP 
082 |a 306. 3  |b DAH 
100 |a Dahrendorf, Ralf  |e (autor) 
245 1 0 |a Sociología de la industria y de la empresa /  |c R. Dahrendorf;tr. por: Carlos Gerhard. 
250 |a 2a edición 
264 |a México :  |b UTEHA,  |c 1974 
300 |a 172 p. 
336 |a texto  |b txt  |2 rdacontenido 
337 |a sin mediación  |b n  |2 rdamedio 
338 |a volumen  |b nc  |2 rdasoporte 
500 |a Traducción de: Industrie-und betriebssoziologie 
649 |a XX 
650 |a Sociología Laboral 
650 |a Ciencias Administrativas 
650 |a Administración -  |x Teoría 
910 |a Fondo General 
920 |a Impresos - Libros 
930 |a Colección General 
905 |a 101 
901 |a 0402230100  |b IT1  |c ACC  |i 040223  |u 20250521 
902 |a https://opac.biblio.iteso.mx/vufind/Record/000040223